Metodología de la investigación : (Registro nro. 6356)

Detalles MARC
000 -CABECERA
campo de control de longitud fija 00760nam a2200241Ia 4500
003 - IDENTIFICADOR DEL NÚMERO DE CONTROL
campo de control AR-RoIUNI
005 - FECHA Y HORA DE LA ÚLTIMA TRANSACCIÓN
campo de control 20251107134912.0
007 - CAMPO FIJO DE DESCRIPCIÓN FÍSICA--INFORMACIÓN GENERAL
campo de control de longitud fija ta
008 - DATOS DE LONGITUD FIJA--INFORMACIÓN GENERAL
campo de control de longitud fija 251107s1994 mx d fr 001 0dspa d
020 ## - NÚMERO INTERNACIONAL ESTÁNDAR DEL LIBRO
Número Internacional Estándar del Libro 9275321353
040 ## - FUENTE DE LA CATALOGACIÓN
Centro/agencia transcriptor AR-RoIUNI
040 ## - FUENTE DE LA CATALOGACIÓN
Centro/agencia modificador OCLC
Centro/agencia transcriptor AR-RoIUNI
080 ## - NÚMERO DE LA CLASIFICACIÓN DECIMAL UNIVERSAL
Número de la Clasificación Decimal Universal 001.8 : 61 (075.8) PIN
100 1# - ENTRADA PRINCIPAL--NOMBRE DE PERSONA
Nombre de persona Pineda, Elia Beatriz
245 1# - MENCIÓN DE TÍTULO
Título Metodología de la investigación :
Resto del título Manual para el desarrollo de personal de salud /
Mención de responsabilidad, etc. Elia Beatriz Pineda, Eva Luz de Alvarado, Francisca H. de Canales
250 ## - MENCIÓN DE EDICIÓN
Mención de edición 2da. ed.
260 ## - PUBLICACIÓN, DISTRIBUCIÓN, ETC. (PIE DE IMPRENTA)
Lugar de publicación, distribución, etc. México:
Nombre del editor, distribuidor, etc. OPS,
Fecha de publicación, distribución, etc. c1994
300 ## - DESCRIPCIÓN FÍSICA
Extensión 225 p. ;
Dimensiones 23 cm.
650 10 - PUNTO DE ACCESO ADICIONAL DE MATERIA--TÉRMINO DE MATERIA
9 (RLIN) 485
Término de materia o nombre geográfico como elemento inicial Metodología de la Investigación
700 1# - PUNTO DE ACCESO ADICIONAL--NOMBRE DE PERSONA
Nombre de persona Alvarado, Eva Luz de
Término indicativo de función/relación aut.
700 1# - PUNTO DE ACCESO ADICIONAL--NOMBRE DE PERSONA
Nombre de persona Canales, Francisca H. de
Término indicativo de función/relación aut.
942 ## - ELEMENTOS DE PUNTO DE ACCESO ADICIONAL (KOHA)
Tipo de ítem Koha Libros
Fuente del sistema de clasificación o colocación Clasificación Decimal Universal
Existencias
Estado de retiro Estado de pérdida Fuente del sistema de clasificación o colocación Estado dañado Excepción de préstamo Código de colección Localización permanente Ubicación/localización actual Ubicación en estantería Fecha de adquisición Número de inventario Total de préstamos Signatura topográfica completa Código de barras Fecha visto por última vez Precio válido a partir de Tipo de ítem Koha
    Clasificación Decimal Universal     Metodología BIBLIOTECA CRESPO BIBLIOTECA CRESPO BIBLIOTECA CRESPO 06/01/2019 4768   001.8 : 61 (075.8) PIN 4768c 07/11/2025 07/11/2025 Libros